Japanese Culture - Sudden Death - Statistics

General Stats
  • This quiz has been taken 1,237 times
    319 since last reset
  • The average score is 10 of 20
Answers on the Grid
Answers color-coded by a green-red scale on the quiz's grid according to % correct below.
Kimono
Haiku
Oden
Mahjong
Sumo
Diwali
Bushido
Yurt
J-pop
Hanbok
Manga
Juche
Gyaru
Bokator
Enka
Seollal
Kaiju
Yoga
Buuz
Sake
Kabaddi
Anime
Holi
Taekwondo
Kabuki
Dombra
Go
Wushu
Judo
Sari
Pidan
Udon
Kimchi
Tai chi
Godzilla
Soju
Pencak silat
Shamisen
Shogi
Origami
 
Answer Stats
Answer % Correct
Kimono
91%
Haiku
81%
Sumo
74%
J-pop
69%
Manga
68%
Anime
66%
Sake
61%
Origami
55%
Kaiju
54%
Judo
51%
Kabuki
50%
Udon
48%
Bushido
47%
Godzilla
47%
Gyaru
41%
Shogi
38%
Oden
33%
Shamisen
32%
Go
26%
Enka
18%
No matching quizzes found
Score Distribution
Percent of People with Each Score
Percentile by Number Answered
Your Score History
You have not taken this quiz since the last reset